Foundations of non-stationary dynamic programming with discrete time parameter
Saved in:
| Hovedforfatter: | |
|---|---|
| Format: | Bog |
| Sprog: | engelsk |
| Udgivet: |
Berlín
Springer-Verlag
1970
|
| Serier: | Lecture Notes in Operations Research and Mathematical Systems, 33
|
| Fag: | |
| Tags: |
Tilføj Tag
Ingen Tags, Vær først til at tagge denne postø!
|
MARC
| LEADER | 00000nam a2200000 a 4500 | ||
|---|---|---|---|
| 001 | UCP0013 | ||
| 003 | CL-VaPUC | ||
| 008 | 990128e19700000GW |||||||||||||||||eng|d | ||
| 082 | 0 | 4 | |a 519.76 |b HIN |2 21 |
| 100 | 0 | |a Hinderer, K |e author |9 424774 | |
| 245 | 1 | 0 | |a Foundations of non-stationary dynamic programming with discrete time parameter |
| 300 | |a 160 p | ||
| 942 | |c BK | ||
| 945 | |d 19990128 00:00:00 |a crobeson | ||
| 260 | |a Berlín |b Springer-Verlag |c 1970 | ||
| 650 | 0 | |a Programación no lineal |9 259385 | |
| 650 | 7 | |a ESPACIOS DE ESTADO CONTABLE |2 CL-VaPUC |9 424775 | |
| 650 | 7 | |a ESPACIOS DE ESTADO GENERAL |2 CL-VaPUC |9 424776 | |
| 583 | |a last modification |c 19990128 00:00:00 |k Rodrigo Vera | ||
| 490 | 0 | |a Lecture Notes in Operations Research and Mathematical Systems, 33 | |
| 999 | |c 278899 |d 278897 | ||
| 952 | |0 0 |1 0 |4 0 |6 519_760000000000000_HIN_1970 |7 0 |8 A |9 317712 |a BIBMAT |b BIBMAT |d 2019-11-20 |i 1320351 |o 519.76 HIN 1970 |p 1320351 |r 2025-01-07 |w 2019-11-20 |y BK |k MAT | ||